000 01521nam a22002297a 4500
999 _c22015
_d22015
003 AR-CdUCM
008 190425b ||||| |||| 00| 0 spa d
040 _aMUNICIPALIDAD PROVINCIAL DEL CUSCO
_cBIBLIOTECA MUNICIPAL DEL CUSCO
082 _aCuzcoactual/N°2/1953
245 _aCuzco actual /
260 _aCusco.
_bNoticias e informaciones,
_bFuturo,
_c1953.
300 _a32 páginas. :
_c16 cm.
440 _aCuzco Actual.
_nN°2,1953
_947165
505 _aContenido: Paseando con los turistas la ciudadanía se pronuncia por la deconstrucción del Cuzco. -- La refinada, estampas las manos feas, teatro infantil, día del trabajo, pildoritas Ross. -- La danza de las horas cuzqueñas, los empleados del Cuzco y su problema en los pizarrines municipales, el sentido de las cosas. -- Piedra blanca sobre un piedra negra. -- El sentido de lo justo. -- Por los pasillos judiciales. -- El drenaje de la pampa de Anta. -- La reconstrucciones del Cuzco. -- Provincias que progresan. -- Mujeres que trabajan. -- Iniciativas que se congelan. -- Quien estudia triunfa. -- Martirio de un sacerdote.-- Malos vientos para los diarios del Cuzco. -- Colonias penales para los vagos. -- Votación acertada. -- Los barredores, reflejo de las gentes. -- La Universidad del Cuzco. -- Extensión cultural.
650 _aHistorias del Cusco
_947166
650 _aDiarios del Cusco
_947168
700 _aKaido, Ali
_947170
700 _aVallejo, Cesar
_947171
700 _aRamos Perea, Abel
_913681
942 _2ddc
_cPP
945 _avhl